200 premiers mots de Harry Potter et la chambre des secrets - Statistiques

Statistiques générales
  • Ce quiz a été pris 4 442 fois
  • Le résultat moyen est 112 sur 200
Statistiques - réponses
Mots % Correct
d'
96%
l'
94%
à
93%
a
93%
Harry.
93%
Harry
93%
s'
93%
— C'
91%
C'
91%
le
88%
n'
88%
de
86%
du
86%
es
86%
la
86%
et
85%
il.
85%
il
85%
Il
85%
— Il
85%
est
81%
on
81%
pas
80%
Ce
79%
ce
79%
se
79%
qu'
77%
un
77%
Dudley,
75%
elle
75%
— Elle
75%
Elle
75%
était
75%
Vernon
75%
Vernon,
75%
une
74%
des
72%
en
72%
je
72%
Je
72%
— Je
72%
mais
72%
Pétunia,
72%
Pétunia
72%
sa
72%
tu
71%
— Tu
71%
Dursley
69%
Dursley.
69%
chambre
68%
fois
68%
première
67%
oncle
66%
son
65%
son...
65%
tante
64%
au
62%
me
62%
avait
60%
pour
60%
maison
59%
qui
59%
dans
58%
Drive.
58%
plus
58%
Privet
58%
4,
57%
chouette,
57%
chouette.
57%
dit-
56%
dit
56%
par
56%
Si
55%
si
55%
fils
54%
neveu
53%
cette
52%
y
51%
peu
50%
mon
48%
ses
48%
nuit.
46%
été
45%
troisième
45%
petit
43%
aille !
42%
Mr
41%
ennuie,
40%
moins
40%
capable
39%
semaine !
39%
sortir
39%
aller
38%
laisse
37%
faudra
36%
prends
36%
voler
35%
avec
34%
dispute
34%
sais
34%
éclatait
33%
laisser
33%
veux
33%
habitude
32%
passait.
32%
pouvais
32%
bien
31%
imbécile ?
30%
déjeuner
28%
encore
28%
moustache
27%
réveillé
27%
aube
26%
chose,
26%
regard
26%
ci.
24%
hululement
24%
provenait
24%
vers
23%
arrivera
22%
expliquer
22%
grosse
21%
tenta
21%
épouse.
18%
essaya
18%
morceau
18%
œuf
18%
poêle,
18%
celui-
17%
sonore
17%
lard,
16%
jaune
15%
partout.
15%
échangea
14%
quelque
14%
rot
13%
adoré,
11%
bruyant
11%
hurlait-
11%
répondre
10%
touffue.
10%
accroché
9%
sombre
9%
surveiller
9%
trésor
9%
paroles.
8%
ricana
8%
embué
6%
prolongé
6%
tournant
6%
étouffa
5%
Aucun quiz correspondant
Distribution des résultats
% des personnes avec chaque résultat
Percentile par nombre de réponses
Votre historique - résultats
Vous n’avez pas pris ce quiz